| 000 | 00510nam a22001697a 4500 | ||
|---|---|---|---|
| 005 | 20251108165826.0 | ||
| 008 | 250721s1986 xx 000 0 ara d | ||
| 082 | 1 | 4 | _aم/581.03/محم |
| 100 | 1 | _aآل ياسين، محمد حسن | |
| 245 | 1 | 0 | _aمعجم النبات و الزراعة / |
| 264 | 1 |
_aبغداد : _bمطبوعات المجمع العلمي العراقي، _c1986. |
|
| 300 | _aج1 | ||
| 650 | 1 | 7 | _aعلم النبات |
| 650 | 1 | 7 | _aالقواميس |
| 942 |
_2ddc _cREF |
||
| 999 |
_c32263 _d32263 |
||